00425pab a2200133 454500008004000000100001600040245009500056260000900151300001500160362001800175650004300193650002100236773003400257180718b1998 xxu||||| |||| 00| 0 eng d aRogaly, Ben aContaining conflict and reaping votes: management of rural labour relations in West Bengal c1998 ap.2729-739 a17 and 24 Oct aLabour relations - India - West Bengal aLabour relations aEconomic and Political Weekly